书目信息 |
| 题名: |
红楼研究小史续稿
|
|
| 作者: | 郭豫适 著 | |
| 分册: | ||
| 出版信息: | 上海 上海文艺出版社 1981 |
|
| 页数: | 480页 | |
| 开本: | 19cm | |
| 丛书名: | ||
| 单 册: | ||
| 中图分类: | I207.411 , I207.4 | |
| 科图分类: | ||
| 主题词: | 文学研究-红楼梦--中国--近代 | |
| 电子资源: | ||
| ISBN: | ||
| 000 | 00673nam0 2200241 450 | |
| 001 | 1536358983 | |
| 005 | 20150124100622.95 | |
| 010 | @dCNY1.10 | |
| 091 | @a10078.3255 | |
| 100 | @a19950410d1981 emky0chiy0110 ea | |
| 101 | 0 | @achi |
| 102 | @aCN@b310000 | |
| 105 | @ay z 000yy | |
| 200 | 1 | @a红楼研究小史续稿@9hong lou yan jiu xiao shi xu gao@e五四时期以后@f郭豫适著 |
| 210 | @a上海@c上海文艺出版社@d1981 | |
| 215 | @a480页@d19cm | |
| 605 | @a红楼梦-文学研究@y中国@z近代 | |
| 606 | 0 | @a文学研究-红楼梦@y中国@z近代 |
| 690 | @aI207.411@v5 | |
| 690 | @aI207.4@v4 | |
| 701 | 0 | @a郭豫适@9guo yu shi@4著 |
| 801 | 0 | @aCN@bTSSF@c20150124 |
| 905 | @aZUCC@dI207.4@eJY93 | |
| 红楼研究小史续稿:五四时期以后/郭豫适著.-上海:上海文艺出版社,1981 |
| 480页;19cm |
| ISBN :CNY1.10 |
| ● |
| 相关链接 |
|
|
|
|
正题名:红楼研究小史续稿
索取号:I207.4/JY93
 
预约/预借
| 序号 | 登录号 | 条形码 | 馆藏地/架位号 | 状态 | 备注 |
| 1 | 7843713 | 278437130 | 学院路分馆/ [索取号:I207.4/JY93] | 在馆 |